| 000 | 01912nam a22003137a 4500 | ||
|---|---|---|---|
| 001 | 4638 | ||
| 003 | FISKH | ||
| 005 | 20240918142659.0 | ||
| 008 | 240918b cb ||||| |||| 00| 0 eng d | ||
| 020 | _a9789996389245 | ||
| 040 |
_aFISKH _bKhmer _cFISKH _dFISKH |
||
| 050 | _aPZ7 | ||
| 082 | _a800 | ||
| 100 |
_aAnonymous _eauthor |
||
| 245 |
_aសេកពីរក្បាល / _cby Anonymous |
||
| 250 | _aបោះពុម្ពឆ្នាំ២០១៥ | ||
| 260 |
_aភ្នំពេញ : _bអផ្សុក ; _c២០១៥ . |
||
| 300 |
_a12 pages : _bcolor illustrations ; _c22 cm . |
||
| 490 | _aនិទានអប់រំសម្រាប់កុមារ | ||
| 505 | _aH | ||
| 520 | _aមានសេកពីរនាក់បងប្អូនកំពុងតែរៀនហើរ ភ្លាមនោះក៏មានខ្យល់បក់ខ្លាំងកួចយកកូនសេកមួយក្បាលទៅធ្លាក់នៅសំបុកចោរ ។ ចំនែកឯសេកមួយទៀតធ្លាក់ក្បែរអាស្រមឥសី ។សេកដែលនៅជាមួយចោរមានចរិកកោងកាច ខុសពីសេកដែលនៅជាមួយឥសីមានចរិកស្លូតបូត ។ | ||
| 520 | _aTwo parrots were learning to fly, and suddenly a strong wind blew a young parrot into the thief's group. Meanwhile, another parrot fell near the hermitage. The parrot that stays with the thief has a crooked character, unlike the parrot that stays with the esophagus has a gentle character. | ||
| 521 | 8 |
_a430
_bLexile estimate |
|
| 521 | 8 |
_aH
_bRaz-Plus |
|
| 650 |
_aសេកពីរក្បាល _vរឿងនិទានកុមារ |
||
| 650 |
_atwo parrtots _vchildren's stories |
||
| 942 |
_2ddc _cKHB _n0 |
||
| 999 |
_c4638 _d4638 |
||